|
|
|
|
| LEADER |
01511nam a2200397Ia 4500 |
| 001 |
EBC476233 |
| 003 |
MiAaPQ |
| 005 |
20200520144314.0 |
| 006 |
m o d | |
| 007 |
cr cn||||||||| |
| 008 |
080221s2010 dcua sb 001 0 eng d |
| 010 |
|
|
|z 2008008388
|
| 020 |
|
|
|z 9780821375075 (alk. paper)
|
| 020 |
|
|
|z 0821375075 (alk. paper)
|
| 035 |
|
|
|a (MiAaPQ)EBC476233
|
| 035 |
|
|
|a (Au-PeEL)EBL476233
|
| 035 |
|
|
|a (CaPaEBR)ebr10356785
|
| 035 |
|
|
|a (CaONFJC)MIL242224
|
| 035 |
|
|
|a (OCoLC)536301190
|
| 040 |
|
|
|a MiAaPQ
|c MiAaPQ
|d MiAaPQ
|
| 050 |
|
4 |
|a RA413.5.D44
|b G56 2010
|
| 082 |
0 |
4 |
|a 368.38/2
|2 22
|
| 245 |
0 |
0 |
|a Global marketplace for private health insurance
|h [electronic resource] :
|b strength in numbers /
|c Alexander S. Preker, Peter Zweifel, and Onno Schellekens, eds.
|
| 260 |
|
|
|a Washington, DC :
|b World Bank,
|c 2010.
|
| 300 |
|
|
|a xxxiv, 491 p. :
|b ill.
|
| 504 |
|
|
|a Includes bibliographical references and index.
|
| 533 |
|
|
|a Electronic reproduction. Ann Arbor, MI : ProQuest, 2015. Available via World Wide Web. Access may be limited to ProQuest affiliated libraries.
|
| 650 |
|
0 |
|a Health insurance
|x Economic aspects
|z Developing countries.
|
| 650 |
|
0 |
|a Economics.
|
| 655 |
|
4 |
|a Electronic books.
|
| 700 |
1 |
|
|a Preker, Alexander S.,
|d 1951-
|
| 700 |
1 |
|
|a Zweifel, Peter.
|
| 700 |
1 |
|
|a Schellekens, Onno P.,
|d 1964-
|
| 710 |
2 |
|
|a World Bank.
|
| 710 |
2 |
|
|a ProQuest (Firm)
|
| 856 |
4 |
0 |
|u https://ebookcentral.proquest.com/lib/matrademy/detail.action?docID=476233
|z Click to View
|